000 00273nam a2200109Ia 4500
008 190216s9999||||xx |||||||||||||| ||und||
100 _aVenkidachary A G
245 0 _aManushyavakashangal
260 _bSouthern Language Book Trust
650 _aEssay Malayalam
942 _cBK
999 _c24993
_d24993